Сборник контрольных диктантов и изложений по русскому языку (Запись № 1469755)

Подробности
000 -МАРКЕР
контрольное поле 01667nam0a2200361 4500
001 - ИДЕНТИФИКАТОР ЗАПИСИ
контрольное поле RU\NLR\bibl\1162965
005 - ИДЕНТИФИКАТОР ВЕРСИИ
контрольное поле 20250615083343.0
010 ## - МЕЖДУНАРОДНЫЙ СТАНДАРТНЫЙ НОМЕР КНИГИ (ISBN)
Номер (ISBN) 978-5-17-046255-1
Уточнения АСт
010 ## - МЕЖДУНАРОДНЫЙ СТАНДАРТНЫЙ НОМЕР КНИГИ (ISBN)
Номер (ISBN) 978-5-271-17884-9
Тираж 10000
Уточнения Астрель
021 ## - НОМЕР ГОСУДАРСТВЕННОЙ РЕГИСТРАЦИИ
Код страны Российская Федерация
Номер 2007-73208
Номер Листа государственной регистраци 3940
035 ## - ДРУГИЕ СИСТЕМНЫЕ НОМЕРА
Идентификатор записи (NLR Aleph) 001149698
100 ## - ДАННЫЕ ОБЩЕЙ ОБРАБОТКИ
Данные общей обработки 20071204d2007 |||y0rusy50 ca
101 0# - ЯЗЫК РЕСУРСА
Язык текста, звукозаписи и т.д. русский
102 ## - СТРАНА ПУБЛИКАЦИИ ИЛИ ПРОИЗВОДСТВА
Страна публикации Российская Федерация
105 ## - ПОЛЕ КОДИРОВАННЫХ ДАННЫХ: ТЕКСТОВЫЕ МАТЕРИАЛЫ, МОНОГРАФИЧЕСКИЕ
Кодированные данные о монографическом текстовом документе y |||||||||
200 1# - ЗАГЛАВИЕ И СВЕДЕНИЯ ОБ ОТВЕТСТВЕННОСТИ
Основное заглавие Сборник контрольных диктантов и изложений по русскому языку
Сведения, относящиеся к заглавию 1-4 классы
Первые сведения об ответственности О. В. Узорова, Е. А. Нефедова
210 ## - ПУБЛИКАЦИЯ, РАСПРОСТРАНЕНИЕ И ДР.
Место издания, распространения и т.д. Москва
Имя издателя, распространителя и т. д. Аст
-- Астрель
Дата издания, распространения и т.д. 2007
215 ## - ФИЗИЧЕСКАЯ ХАРАКТЕРИСТИКА
Специфическое обозначение материала и объем 286, [1] с.
Размеры 20
225 1# - СЕРИЯ
Основное заглавие серии Для начальной школы
606 1# - НАИМЕНОВАНИЕ ТЕМЫ КАК ПРЕДМЕТ
Наименование темы Русский язык
Формальный подзаголовок Руководства, пособия и т.п
Тематический подзаголовок Диктанты
-- Методика
-- Начальная школа
Системный номер авторитетной/нормативной записи 1533232
Идентификатор авторитетной/нормативной записи RU\NLR\auth\66969170
606 1# - НАИМЕНОВАНИЕ ТЕМЫ КАК ПРЕДМЕТ
Наименование темы Школьные изложения
Формальный подзаголовок Руководства, пособия и т.п
Тематический подзаголовок Обучение
-- Начальная школа
Системный номер авторитетной/нормативной записи 950223
Идентификатор авторитетной/нормативной записи RU\NLR\auth\66353139
686 ## - ИНДЕКСЫ ДРУГИХ КЛАССИФИКАЦИЙ
Индекс Ч426.131(2)53-254.11,01я7
686 ## - ИНДЕКСЫ ДРУГИХ КЛАССИФИКАЦИЙ
Индекс Ч426.131(2)53-254.13,01я7
700 #1 - ИМЯ ЛИЦА - ПЕРВИЧНАЯ ОТВЕТСТВЕННОСТЬ
Код отношения Автор
Графика поля Кириллица
Материалы, к которым относится поле rus
Начальный элемент ввода Узорова
Часть имени, кроме начального элемента ввода О. В.
Даты 1970-
Расширение инициалов личного имени Ольга Васильевна
Системный номер авторитетной/нормативной записи 270342
Идентификатор авторитетной/нормативной записи RU\NLR\AUTH\770270398
701 #1 - ИМЯ ЛИЦА - АЛЬТЕРНАТИВНАЯ ОТВЕТСТВЕННОСТЬ
Код отношения Автор
Начальный элемент ввода Нефёдова
Часть имени, кроме начального элемента ввода Е. А.
Дополнения к именам, кроме дат д-р филол. наук
Расширение инициалов личного имени Елена Алексеевна
Системный номер авторитетной/нормативной записи 153176
Идентификатор авторитетной/нормативной записи RU\NLR\AUTH\770153214
801 #0 - ИСТОЧНИК ЗАПИСИ
Страна Российская Федерация
Организация NLR
Дата составления 20071204
Правила каталогизации RCR
801 #1 - ИСТОЧНИК ЗАПИСИ
Страна Российская Федерация
Организация NLR
Дата составления 20071204
830 ## - ОБЩЕЕ ПРИМЕЧАНИЕ, СОСТАВЛЕННОЕ КАТАЛОГИЗАТОРОМ
Текст примечания по кн
942 ## - ДОПОЛНИТЕЛЬНЫЕ ЭЛЕМЕНТЫ ЗАПИСИ (АБИС)
Тип экземпляра АБИС Книга
980 ## - КОЛЛЕКЦИЯ
Название коллекции Национальная библиография
Экземпляры
Тип экземпляра Дата поступления Источник поступления Библиотека постоянного хранения Библиотека текущего хранения Место хранения Шифр хранения Штрих-код Статус экземпляра
Книга 04.12.2007 Обязательный экземпляр РНБ (Московский) РНБ (Московский) Русский книжный фонд: издания с 1957 года 2007-3/33710 2563463  
Книга 04.12.2007 Обязательный экземпляр РНБ (Московский) РНБ (Московский) Обменный фонд   2563466